| 000 | 00481nam a2200193Ia 4500 | ||
|---|---|---|---|
| 005 | 20240823062126.0 | ||
| 008 | 240823s9999||||xx |||||||||||||| ||und|| | ||
| 020 | _a978-93-87093-29-4 | ||
| 041 | _aENGLISH | ||
| 082 | _A658.4 Q9 | ||
| 100 | _aLatha Natarajan M | ||
| 245 | 0 | _aOrganisational Behaviour | |
| 250 | _a1st | ||
| 260 |
_c2019 _bThakur Publication Pv |
||
| 500 | _aYES | ||
| 650 |
_aOrganisational Behaviour _bManagement Studies |
||
| 942 | _cBK | ||
| 999 |
_c235144 _d235144 |
||